| 000 | 00443nam a22001697a 4500 | ||
|---|---|---|---|
| 003 | OSt | ||
| 005 | 20211228115349.0 | ||
| 008 | 211227b |||||||| |||| 00| 0 eng d | ||
| 020 | _a025619744X | ||
| 040 | _cHU | ||
| 082 | _a005.133 | ||
| 100 |
_aCohoon P. James _925462 |
||
| 245 | _aC++ Program Design : An Introduction To Programming And Object -Oriented Design | ||
| 260 |
_aToronto _bBoston |
||
| 300 | _f754 | ||
| 942 |
_2ddc _cBOOKS _n0 |
||
| 999 |
_c24383 _d24383 |
||